[Event "Deutsche Ländermeisterschaft 2016"]
[Site "Hannover GER"]
[Date "2016.10.01"]
[Round "1"]
[White "Englert, Jon"]
[Black "Tham, Nam"]
[Result "1-0"]
[Termination "normal"]
[Board "3.6"]
[WhiteElo "1835"]
[BlackElo "1650"]
[WhiteClock "00:05:03"]
[BlackClock "00:19:23"]
[WhiteTeam "Bayern"]
[BlackTeam "Berlin"]
[PlyCount "135"]
[WhiteFideId "12992275"]
[BlackFideId "12997331"]
[EventCountry "GER"]
[EventRounds "7"]
[EventType "team-swiss"]
[EventDate "2016.09.30"]

1. e4 e5 2. Bc4 Nf6 3. d3 Bc5 4. Nc3 d6 5. Na4 Bb6 6. Nxb6 axb6 7. f4 Nc6 8.
Nf3 h6 9. O-O Qe7 10. f5 O-O 11. Kh1 Na5 12. Qe2 Nxc4 13. dxc4 Bd7 14. Rg1 Bc6
15. Nd2 Qd7 16. g4 Nh7 17. Nf3 f6 18. b3 Ng5 19. Nd2 Qf7 20. Rg3 Kh8 21. h4 Nh7
22. Nf3 g5 23. Kg2 Qg7 24. Qd3 Rae8 25. Bd2 Rf7 26. Rh1 Qg8 27. hxg5 hxg5 28.
Rh6 Rg7 29. Rgh3 Qf7 30. Ng1 Rf8 31. Ne2 Qg8 32. Ng3 Be8 33. Be3 Rd7 34. Kf3
Rg7 35. Qd1 Rd7 36. Qc1 Rg7 37. Qa3 Rd7 38. Qa7 Rg7 39. Qxb7 Rd7 40. Qa6 Rg7
41. Rh2 Rd7 42. b4 Rg7 43. c5 bxc5 44. bxc5 d5 45. c3 dxe4+ 46. Nxe4 Qd5 47.
Rd2 Qc6 48. Qxc6 Bxc6 49. Bf2 Bxe4+ 50. Kxe4 Ra8 51. Rh3 Ra4+ 52. Kf3 Rc4 53.
Rc2 Rd7 54. Rg3 Rd3+ 55. Kg2 Rxg3+ 56. Kxg3 Kg7 57. Be3 Nf8 58. Rb2 Rxc3 59.
Kf3 Ra3 60. Rb7 Rxa2 61. Rxc7+ Kg8 62. Rb7 Rc2 63. Ke4 Rc3 64. Ra7 Rc2 65. Kd3
Rb2 66. Ra8 Rb7 67. c6 Rc7 68. Bc5 1-0

[Event "Deutsche Ländermeisterschaft 2016"]
[Site "Hannover GER"]
[Date "2016.10.01"]
[Round "1"]
[White "Schnabel, Luise"]
[Black "Braun, Kristin"]
[Result "0-1"]
[Termination "normal"]
[Board "3.7"]
[WhiteElo "1615"]
[BlackElo "1853"]
[WhiteClock "00:01:03"]
[BlackClock "00:09:49"]
[WhiteTeam "Berlin"]
[BlackTeam "Bayern"]
[PlyCount "74"]
[WhiteFideId "12943347"]
[BlackFideId "24656534"]
[EventCountry "GER"]
[EventRounds "7"]
[EventType "team-swiss"]
[EventDate "2016.09.30"]

1. e4 c5 2. Nf3 d6 3. d4 cxd4 4. Nxd4 Nf6 5. Nc3 g6 6. Be2 Bg7 7. Be3 Nc6 8.
Qd2 O-O 9. f4 Nxd4 10. Bxd4 Be6 11. O-O Qa5 12. Rfd1 Rfc8 13. Bxf6 Bxf6 14. Nd5
Qc5+ 15. Kf1 Bxd5 16. exd5 Qxc2 17. Qxc2 Rxc2 18. Rab1 Rac8 19. Bd3 R2c5 20.
Be2 R8c7 21. g4 Rc2 22. h3 Rxb2 23. Rbc1 Rxc1 24. Rxc1 Rxa2 25. Rc7 Rb2 26. g5
Bd4 27. Rxe7 Kf8 28. Rd7 Bc5 29. Bg4 b5 30. Ke1 Rf2 31. Rd8+ Kg7 32. Bd7 b4 33.
Bc6 Rxf4 34. Kd2 Rf2+ 35. Kd3 Rf3+ 36. Kc4 a6 37. Be8 Rc3# 0-1

[Event "Deutsche Ländermeisterschaft 2016"]
[Site "Hannover GER"]
[Date "2016.10.01"]
[Round "1"]
[White "Khamenya, Vitalia"]
[Black "Tham, Minh"]
[Result "1-0"]
[Termination "normal"]
[Board "3.8"]
[WhiteElo "1636"]
[BlackElo "1681"]
[WhiteClock "00:30:05"]
[BlackClock "00:21:21"]
[WhiteTeam "Bayern"]
[BlackTeam "Berlin"]
[PlyCount "49"]
[WhiteFideId "12959260"]
[BlackFideId "12997323"]
[EventCountry "GER"]
[EventRounds "7"]
[EventType "team-swiss"]
[EventDate "2016.09.30"]

1. e4 e5 2. Bc4 Nf6 3. d3 Nc6 4. Nc3 Bb4 5. Bd2 d6 6. a3 Ba5 7. f4 O-O 8. Nf3
Re8 9. b4 Bb6 10. Na4 exf4 11. Nxb6 axb6 12. O-O Ne5 13. Bb3 Ng6 14. Ng5 d5 15.
exd5 Nxd5 16. Qh5 Nf6 17. Bxf7+ Kf8 18. Nxh7+ Nxh7 19. Qxg6 Qd4+ 20. Kh1 Re5
21. Qxh7 Kxf7 22. Rxf4+ Qxf4 23. Bxf4 Rf5 24. Bxc7 Rxa3 25. Qxf5+ 1-0

[Event "Deutsche Ländermeisterschaft 2016"]
[Site "Hannover GER"]
[Date "2016.10.01"]
[Round "1"]
[White "Ravina, David"]
[Black "Keller, Peter"]
[Result "1-0"]
[Termination "normal"]
[Board "4.2"]
[BlackTitle "FM"]
[WhiteElo "2163"]
[BlackElo "2240"]
[WhiteClock "00:26:50"]
[BlackClock "00:48:53"]
[WhiteTeam "Hamburg"]
[BlackTeam "Hessen"]
[PlyCount "37"]
[WhiteFideId "12921858"]
[BlackFideId "1272105"]
[EventCountry "GER"]
[EventRounds "7"]
[EventType "team-swiss"]
[EventDate "2016.09.30"]

1. b3 e5 2. Bb2 Nc6 3. e3 Nf6 4. Bb5 Bd6 5. Na3 Na5 6. Be2 a6 7. c4 Nc6 8. Nc2
e4 9. d4 exd3 10. Bxd3 Nb4 11. Nf3 Nxd3+ 12. Qxd3 O-O 13. Ng5 g6 14. Qc3 Be7
15. Ne4 Kg7 16. g4 d5 17. O-O-O d4 18. Nxd4 Bxg4 19. Nc6 1-0

[Event "Deutsche Ländermeisterschaft 2016"]
[Site "Hannover GER"]
[Date "2016.10.01"]
[Round "1"]
[White "Nothnagel, Marian Can"]
[Black "Rogozenco, Teodora"]
[Result "1/2-1/2"]
[Termination "normal"]
[Board "4.3"]
[BlackTitle "WFM"]
[WhiteElo "1991"]
[BlackElo "2027"]
[WhiteClock "00:08:56"]
[BlackClock "00:13:30"]
[WhiteTeam "Hessen"]
[BlackTeam "Hamburg"]
[PlyCount "109"]
[WhiteFideId "12921530"]
[BlackFideId "12938084"]
[EventCountry "GER"]
[EventRounds "7"]
[EventType "team-swiss"]
[EventDate "2016.09.30"]

1. e4 e5 2. Nf3 Nc6 3. Bb5 a6 4. Ba4 Nf6 5. O-O Be7 6. Re1 b5 7. Bb3 d6 8. c3
O-O 9. h3 Nb8 10. d4 Nbd7 11. Nbd2 Bb7 12. Bc2 Re8 13. Nf1 Bf8 14. Ng3 g6 15.
a4 Nb6 16. dxe5 dxe5 17. Qxd8 Raxd8 18. Bg5 Kg7 19. axb5 axb5 20. Ra7 Rb8 21.
Nf1 Nc8 22. Raa1 Bc5 23. Ne3 Nd7 24. b4 Bd6 25. Red1 f6 26. Bh4 Ndb6 27. Nd2
Ne7 28. f3 Nc6 29. Bf2 Nd8 30. Nb3 Ne6 31. Bd3 Bc6 32. Na5 Bd7 33. Bf1 Red8 34.
Ra2 Nf4 35. Be1 Be7 36. Rad2 c6 37. Bf2 Be8 38. g3 Ne6 39. h4 Na4 40. Rxd8 Rxd8
41. Be1 Ra8 42. Bh3 Kf7 43. Nb7 Nd8 44. Nd6+ Bxd6 45. Rxd6 Ke7 46. Rd1 Nb2 47.
Rd2 Ra1 48. Kf2 Rb1 49. Ke2 Nf7 50. Rc2 Nd6 51. Bd2 Ndc4 52. Rc1 Nxd2 53. Kxd2
Rxc1 54. Kxc1 Na4 55. Kc2 1/2-1/2

[Event "Deutsche Ländermeisterschaft 2016"]
[Site "Hannover GER"]
[Date "2016.10.01"]
[Round "1"]
[White "Popist, Florian"]
[Black "Reinecke, Katharina"]
[Result "1-0"]
[Termination "normal"]
[Board "4.6"]
[WhiteElo "1736"]
[BlackElo "1816"]
[WhiteClock "01:02:42"]
[BlackClock "00:23:56"]
[WhiteTeam "Hamburg"]
[BlackTeam "Hessen"]
[PlyCount "43"]
[WhiteFideId "16203518"]
[BlackFideId "12929727"]
[EventCountry "GER"]
[EventRounds "7"]
[EventType "team-swiss"]
[EventDate "2016.09.30"]

1. e4 c6 2. d4 d5 3. Nc3 dxe4 4. f3 exf3 5. Nxf3 Nf6 6. Bc4 e6 7. O-O Be7 8.
Bg5 O-O 9. Qe2 Nbd7 10. Rae1 Nb6 11. Bd3 Bd7 12. Ne5 Nbd5 13. Nxd5 cxd5 14. c3
a6 15. Bxf6 Bxf6 16. Rxf6 gxf6 17. Qh5 f5 18. Nxd7 Re8 19. Ne5 f6 20. Qf7+ Kh8
21. Ng6+ hxg6 22. Re3 1-0

[Event "Deutsche Ländermeisterschaft 2016"]
[Site "Hannover GER"]
[Date "2016.10.01"]
[Round "1"]
[White "Poetsch, Leonore"]
[Black "Shirov-Michna, Masza"]
[Result "1-0"]
[Termination "normal"]
[Board "4.7"]
[WhiteElo "1801"]
[BlackElo "1372"]
[WhiteClock "00:46:26"]
[BlackClock "00:09:45"]
[WhiteTeam "Hessen"]
[BlackTeam "Hamburg"]
[PlyCount "65"]
[WhiteFideId "12940372"]
[BlackFideId "12921998"]
[EventCountry "GER"]
[EventRounds "7"]
[EventType "team-swiss"]
[EventDate "2016.09.30"]

1. e4 e6 2. d4 d5 3. Nc3 dxe4 4. Nxe4 Bd7 5. Nf3 Bc6 6. Bd3 Nd7 7. O-O Be7 8.
Qe2 Ngf6 9. Nxf6+ Bxf6 10. c3 O-O 11. Bf4 Re8 12. Ne5 Nxe5 13. Bxe5 Qd5 14. f4
Qd8 15. Rad1 Be7 16. f5 exf5 17. Bxf5 g6 18. Qg4 Bg5 19. Bc2 f6 20. Bf4 Be4 21.
Bb3+ Bd5 22. Bxg5 fxg5 23. c4 Be6 24. Qf3 c6 25. d5 cxd5 26. cxd5 Qb6+ 27. Qf2
Qxf2+ 28. Rxf2 Bf7 29. Rdf1 Rf8 30. Rxf7 Rxf7 31. d6 Raf8 32. Rxf7 Rxf7 33. d7
1-0

[Event "Deutsche Ländermeisterschaft 2016"]
[Site "Hannover GER"]
[Date "2016.10.01"]
[Round "1"]
[White "Kieckbusch, Lotta"]
[Black "Bayer, Melissa"]
[Result "0-1"]
[Termination "normal"]
[Board "4.8"]
[WhiteElo "1286"]
[BlackElo "1518"]
[WhiteClock "00:06:45"]
[BlackClock "00:59:41"]
[WhiteTeam "Hamburg"]
[BlackTeam "Hessen"]
[PlyCount "138"]
[WhiteFideId "16214390"]
[BlackFideId "16206916"]
[EventCountry "GER"]
[EventRounds "7"]
[EventType "team-swiss"]
[EventDate "2016.09.30"]

1. e4 e5 2. Nf3 Nc6 3. Bc4 Bc5 4. c3 d6 5. d3 h6 6. Be3 Bb6 7. h3 f5 8. exf5
Bxf5 9. O-O Nf6 10. Qe2 Qd7 11. Nbd2 O-O-O 12. Rfd1 e4 13. dxe4 Nxe4 14. Bxb6
Nxd2 15. Rxd2 axb6 16. Re1 Rhe8 17. Qd1 Be4 18. Nh2 Re7 19. Rde2 Rde8 20. Bb5
Bg6 21. Qa4 Kd8 22. Rxe7 Rxe7 23. Rxe7 Kxe7 24. Qh4+ Kf7 25. Bc4+ d5 26. Bb5
Qd6 27. Be2 Qf6 28. Qg3 Qe5 29. Qf3+ Ke7 30. Ng4 Qe4 31. Qxe4+ Bxe4 32. f3 Bb1
33. a3 d4 34. cxd4 Nxd4 35. Bc4 b5 36. Bf1 c5 37. Nf2 Ke6 38. Bd3 Bxd3 39. Nxd3
b6 40. Kf2 Kd5 41. Ke3 Nc6 42. g4 b4 43. axb4 c4 44. Nf4+ Ke5 45. b5 Na7 46.
Ne2 Nxb5 47. f4+ Kd5 48. g5 Nd6 49. Nc3+ Ke6 50. h4 Nf5+ 51. Kf3 Nxh4+ 52. Kg4
hxg5 53. Kxg5 Nf5 54. Kg6 Nd4 55. Kg5 b5 56. Na2 Nc6 57. Kg6 Ne7+ 58. Kg5 g6
59. Kg4 Kf6 60. Kh4 Kf5 61. Kg3 Nd5 62. Kf3 Nxf4 63. Nb4 Nd3 64. Nxd3 cxd3 65.
Ke3 g5 66. Kxd3 Kf4 67. Ke2 g4 68. Kf2 g3+ 69. Kg2 b4 0-1

[Event "Deutsche Ländermeisterschaft 2016"]
[Site "Hannover GER"]
[Date "2016.10.01"]
[Round "1"]
[White "Grigorian, Spartak"]
[Black "Carow, Johannes"]
[Result "0-1"]
[Termination "normal"]
[Board "5.1"]
[BlackTitle "FM"]
[WhiteElo "2293"]
[BlackElo "2416"]
[WhiteClock "00:14:59"]
[BlackClock "00:08:09"]
[WhiteTeam "Bremen & Friends"]
[BlackTeam "Rheinland-Pfalz"]
[PlyCount "54"]
[WhiteFideId "24661490"]
[BlackFideId "24692050"]
[EventCountry "GER"]
[EventRounds "7"]
[EventType "team-swiss"]
[EventDate "2016.09.30"]

1. d4 Nf6 2. c4 g6 3. Nc3 d5 4. cxd5 Nxd5 5. e4 Nxc3 6. bxc3 Bg7 7. Nf3 c5 8.
Rb1 O-O 9. Be2 Nc6 10. d5 Ne5 11. Nxe5 Bxe5 12. Qd2 e6 13. f4 Bc7 14. O-O exd5
15. exd5 Ba5 16. d6 Rb8 17. Rb5 b6 18. Ba3 Ba6 19. f5 Re8 20. fxg6 hxg6 21. Qf4
Rxe2 22. Qxf7+ Kh8 23. Bxc5 Bxc3 24. Qxg6 Qh4 25. Bf2 Qxf2+ 26. Rxf2 Re1+ 27.
Rf1 Bd4+ 0-1

[Event "Deutsche Ländermeisterschaft 2016"]
[Site "Hannover GER"]
[Date "2016.10.01"]
[Round "1"]
[White "Keymer, Vincent"]
[Black "Kardoeus, David"]
[Result "1-0"]
[Termination "normal"]
[Board "5.2"]
[WhiteElo "2402"]
[BlackElo "2168"]
[WhiteClock "00:22:01"]
[BlackClock "00:00:33"]
[WhiteTeam "Rheinland-Pfalz"]
[BlackTeam "Bremen & Friends"]
[PlyCount "71"]
[WhiteFideId "12940690"]
[BlackFideId "12912050"]
[EventCountry "GER"]
[EventRounds "7"]
[EventType "team-swiss"]
[EventDate "2016.09.30"]

1. d4 Nf6 2. c4 c5 3. d5 e6 4. Nc3 exd5 5. cxd5 d6 6. Nf3 g6 7. Bf4 a6 8. a4
Bg7 9. h3 O-O 10. e3 Qe7 11. Nd2 Nbd7 12. Nc4 Ne8 13. a5 f5 14. Be2 g5 15. Bh2
Ne5 16. Nb6 Rb8 17. O-O Bd7 18. f4 gxf4 19. exf4 Ng6 20. Kh1 Nc7 21. Qd2 Rbe8
22. Rae1 Qd8 23. g4 Bb5 24. Nxb5 Nxb5 25. gxf5 Nh4 26. f6 Qxf6 27. Nd7 Qg6 28.
Bg4 Rf5 29. Rg1 Rxe1 30. Qxe1 Qf7 31. Qxh4 Qxd7 32. Re1 Nd4 33. Bg1 Rxf4 34.
Bxd4 Rxd4 35. Be6+ Qxe6 36. Qd8+ 1-0

[Event "Deutsche Ländermeisterschaft 2016"]
[Site "Hannover GER"]
[Date "2016.10.01"]
[Round "1"]
[White "Wachinger, Nikolas"]
[Black "Muckle, Julius"]
[Result "0-1"]
[Termination "normal"]
[Board "5.3"]
[WhiteElo "1646"]
[BlackElo "2196"]
[WhiteClock "01:04:03"]
[BlackClock "00:29:04"]
[WhiteTeam "Bremen & Friends"]
[BlackTeam "Rheinland-Pfalz"]
[PlyCount "56"]
[WhiteFideId "12962791"]
[BlackFideId "12942430"]
[EventCountry "GER"]
[EventRounds "7"]
[EventType "team-swiss"]
[EventDate "2016.09.30"]

1. e4 e6 2. d4 d5 3. Nd2 c5 4. exd5 exd5 5. Ngf3 Nc6 6. Bb5 Bd6 7. dxc5 Bxc5 8.
O-O Nge7 9. Nb3 Bd6 10. Re1 O-O 11. Bd3 h6 12. c3 Nf5 13. Bc2 Qf6 14. Qd3 g6
15. Qxd5 Be6 16. Qe4 Rae8 17. Qa4 Bd5 18. Bxf5 Bxf3 19. Bxh6 Qxf5 20. Bxf8 Qg5
21. g3 Rxf8 22. h4 Qf5 23. Nd2 b5 24. Qa6 Bc5 25. Nxf3 Qxf3 26. Rf1 Qxg3+ 27.
Kh1 Qh3+ 28. Kg1 Ne5 0-1

[Event "Deutsche Ländermeisterschaft 2016"]
[Site "Hannover GER"]
[Date "2016.10.01"]
[Round "1"]
[White "Karsay, Pascal"]
[Black "Silber, Kevin"]
[Result "1-0"]
[Termination "normal"]
[Board "5.4"]
[WhiteElo "2085"]
[BlackElo "1922"]
[WhiteClock "00:18:28"]
[BlackClock "00:05:08"]
[WhiteTeam "Rheinland-Pfalz"]
[BlackTeam "Bremen & Friends"]
[PlyCount "39"]
[WhiteFideId "12953474"]
[BlackFideId "12930440"]
[EventCountry "GER"]
[EventRounds "7"]
[EventType "team-swiss"]
[EventDate "2016.09.30"]

1. e4 e5 2. Nf3 Nc6 3. Bb5 a6 4. Ba4 Nf6 5. d3 b5 6. Bb3 Bc5 7. O-O d6 8. c3
Bg4 9. Nbd2 O-O 10. Re1 Qd7 11. Nf1 h6 12. h3 Bh5 13. Ng3 Bxf3 14. Qxf3 Nh7 15.
Rd1 Ba7 16. a4 Na5 17. Ba2 bxa4 18. Nf5 Nb3 19. Bxb3 axb3 20. Qg4 1-0

[Event "Deutsche Ländermeisterschaft 2016"]
[Site "Hannover GER"]
[Date "2016.10.01"]
[Round "1"]
[White "Colbow, Collin"]
[Black "Musiolik, David"]
[Result "0-1"]
[Termination "normal"]
[Board "5.5"]
[WhiteElo "1909"]
[BlackElo "1771"]
[WhiteClock "00:15:58"]
[BlackClock "00:21:58"]
[WhiteTeam "Bremen & Friends"]
[BlackTeam "Rheinland-Pfalz"]
[PlyCount "56"]
[WhiteFideId "16201132"]
[BlackFideId "12972355"]
[EventCountry "GER"]
[EventRounds "7"]
[EventType "team-swiss"]
[EventDate "2016.09.30"]

1. e4 e6 2. d4 d5 3. Nd2 Nf6 4. e5 Nfd7 5. Bd3 c5 6. c3 Nc6 7. Ne2 cxd4 8. cxd4
f6 9. exf6 Nxf6 10. O-O Bd6 11. Nf3 Qc7 12. Bg5 O-O 13. Bh4 Qb6 14. b3 e5 15.
dxe5 Nxe5 16. Nxe5 Bxe5 17. Rc1 Ng4 18. h3 Nh2 19. Re1 Bxh3 20. Kh1 Rxf2 21.
Rg1 Nf3 22. Bxh7+ Kh8 23. Nd4 Nxh4 24. Qh5 Qh6 25. Qxe5 Bxg2+ 26. Rxg2 Nf3+ 27.
Rh2 Qxh2+ 28. Qxh2 Rxh2# 0-1

[Event "Deutsche Ländermeisterschaft 2016"]
[Site "Hannover GER"]
[Date "2016.10.01"]
[Round "1"]
[White "Morio, Estelle"]
[Black "Silber, Stefanie"]
[Result "1-0"]
[Termination "normal"]
[Board "5.6"]
[WhiteElo "1820"]
[BlackElo "1651"]
[WhiteClock "00:00:39"]
[BlackClock "00:00:37"]
[WhiteTeam "Rheinland-Pfalz"]
[BlackTeam "Bremen & Friends"]
[PlyCount "79"]
[WhiteFideId "12951951"]
[BlackFideId "12918245"]
[EventCountry "GER"]
[EventRounds "7"]
[EventType "team-swiss"]
[EventDate "2016.09.30"]

1. f4 d5 2. Nf3 g6 3. e3 Bg7 4. d3 Nf6 5. Be2 c5 6. O-O O-O 7. Qe1 Bg4 8. Nbd2
Nc6 9. e4 Nb4 10. Bd1 e6 11. Qg3 dxe4 12. dxe4 Bxf3 13. Qxf3 b5 14. Kh1 Qb6 15.
c3 Nc6 16. Nb3 c4 17. Be3 Qc7 18. Nd4 a6 19. Bc2 Nd7 20. Rad1 e5 21. Nxc6 Qxc6
22. f5 Rad8 23. Rd2 Nf6 24. Rfd1 Rd7 25. Rxd7 Nxd7 26. Bf2 Rc8 27. Bh4 Qb7 28.
f6 Bh8 29. Rf1 Rc6 30. g4 Qb6 31. g5 h6 32. Qh3 Re6 33. Rd1 Nc5 34. gxh6 Kh7
35. Rd5 Bxf6 36. Bxf6 Rxf6 37. Rxe5 Rf2 38. Bd1 Rxb2 39. Qf3 Qc7 40. Qf6 1-0

[Event "Deutsche Ländermeisterschaft 2016"]
[Site "Hannover GER"]
[Date "2016.10.01"]
[Round "1"]
[White "Caliebe, Nanke"]
[Black "Reitz, Theresa"]
[Result "0-1"]
[Termination "normal"]
[Board "5.7"]
[WhiteElo "1478"]
[BlackElo "1815"]
[WhiteClock "00:05:02"]
[BlackClock "00:05:11"]
[WhiteTeam "Bremen & Friends"]
[BlackTeam "Rheinland-Pfalz"]
[PlyCount "42"]
[WhiteFideId "12980528"]
[BlackFideId "12971901"]
[EventCountry "GER"]
[EventRounds "7"]
[EventType "team-swiss"]
[EventDate "2016.09.30"]

1. d4 Nf6 2. Nf3 g6 3. Bf4 Bg7 4. e3 c5 5. Nbd2 Qb6 6. Nc4 Qd8 7. dxc5 Na6 8.
Nce5 Nxc5 9. Ng5 O-O 10. Bc4 d5 11. Nexf7 Qa5+ 12. c3 dxc4 13. Qf3 Bg4 14. Qg3
Nd3+ 15. Kf1 h6 16. Nxh6+ Bxh6 17. Qh4 Bxg5 18. Bxg5 Qf5 19. h3 Ne4 20. f4 Qxg5
21. hxg4 Qxh4 0-1

[Event "Deutsche Ländermeisterschaft 2016"]
[Site "Hannover GER"]
[Date "2016.10.01"]
[Round "1"]
[White "Bohrer, Katharina"]
[Black "Bildat, Emilia"]
[Result "1-0"]
[Termination "normal"]
[Board "5.8"]
[WhiteElo "1110"]
[BlackElo "1144"]
[WhiteClock "01:17:47"]
[BlackClock "01:18:01"]
[WhiteTeam "Rheinland-Pfalz"]
[BlackTeam "Bremen & Friends"]
[PlyCount "21"]
[WhiteFideId "16225457"]
[BlackFideId "16218140"]
[EventCountry "GER"]
[EventRounds "7"]
[EventType "team-swiss"]
[EventDate "2016.09.30"]

1. e4 e5 2. Nf3 Nc6 3. d4 exd4 4. Bc4 Bc5 5. c3 d3 6. Qxd3 Na5 7. Bxf7+ Kf8 8.
Qd5 d6 9. Bxg8 Rxg8 10. Ng5 Qe7 11. Nxh7+ 1-0

[Event "Deutsche Ländermeisterschaft 2016"]
[Site "Hannover GER"]
[Date "2016.10.01"]
[Round "1"]
[White "Ewert, Hannes"]
[Black "Vöge, Tobias"]
[Result "1-0"]
[Termination "normal"]
[Board "6.1"]
[BlackTitle "FM"]
[WhiteElo "2132"]
[BlackElo "2289"]
[WhiteTeam "Niedersachsen 2"]
[BlackTeam "Niedersachsen 1"]
[PlyCount "101"]
[WhiteFideId "12961574"]
[BlackFideId "1270513"]
[EventCountry "GER"]
[EventRounds "7"]
[EventType "team-swiss"]
[EventDate "2016.09.30"]

1. d4 e6 2. Nf3 Nf6 3. g3 b6 4. Bg2 Bb7 5. O-O Be7 6. c4 O-O 7. b3 c5 8. Nc3
cxd4 9. Nxd4 Bxg2 10. Kxg2 d5 11. cxd5 Nxd5 12. Nxd5 Qxd5+ 13. Nf3 Qe4 14. Be3
Rd8 15. Qb1 Qb7 16. Rd1 Rxd1 17. Qxd1 Nc6 18. Rc1 Nb4 19. Qd2 Rd8 20. Qb2 Bf6
21. Qa3 Nd5 22. Bd2 Nc7 23. Be3 Nd5 24. Bd2 Be7 25. Qa4 h6 26. Kg1 b5 27. Qa5
Rd6 28. Be1 Ra6 29. Qd2 Nb4 30. Qf4 Nd5 31. Qd2 Bb4 32. Qc2 Bxe1 33. Nxe1 g6
34. Nd3 Rd6 35. Ne5 Ne7 36. Ng4 Rc6 37. Nxh6+ Kh7 38. Qd2 Rxc1+ 39. Qxc1 Nd5
40. Ng4 Kg8 41. e4 Qc7 42. Nf6+ Kf8 43. Qh6+ Ke7 44. Ng8+ Kd7 45. exd5 exd5 46.
Nf6+ Ke6 47. Ng4 d4 48. Qd2 f5 49. Qe2+ Kf7 50. Ne5+ Kf6 51. Nf3 1-0

[Event "Deutsche Ländermeisterschaft 2016"]
[Site "Hannover GER"]
[Date "2016.10.01"]
[Round "1"]
[White "Polster, Christian"]
[Black "Peters, Tom"]
[Result "0-1"]
[Termination "normal"]
[Board "6.2"]
[WhiteElo "2309"]
[BlackElo "2065"]
[WhiteTeam "Niedersachsen 1"]
[BlackTeam "Niedersachsen 2"]
[PlyCount "86"]
[WhiteFideId "12965081"]
[BlackFideId "24694444"]
[EventCountry "GER"]
[EventRounds "7"]
[EventType "team-swiss"]
[EventDate "2016.09.30"]

1. e4 c5 2. Nf3 Nc6 3. d4 cxd4 4. Nxd4 Nf6 5. Nc3 d6 6. Bg5 Bd7 7. Qd2 Rc8 8.
O-O-O Nxd4 9. Qxd4 Qa5 10. f4 Rxc3 11. bxc3 e5 12. Qd3 Ng4 13. Qf3 h6 14. f5
hxg5 15. Qxg4 Qxc3 16. Qf3 Qb4 17. Qb3 Qxb3 18. axb3 g4 19. Bc4 Be7 20. Bd5 Bc8
21. Kd2 Bd8 22. Ra1 Bb6 23. b4 Ke7 24. h3 g3 25. Ra3 Bf2 26. Ke2 Rh4 27. Rf1
Rf4 28. c4 g6 29. fxg6 fxg6 30. Rf3 g5 31. Rxf4 exf4 32. Kf3 Kf6 33. h4 gxh4
34. Kxf4 h3 35. Kf3 h2 36. Ke2 Ke5 37. Rh1 Bg4+ 38. Kf1 b6 39. b5 Kd4 40. e5
Ke3 41. Bf3 Bxf3 42. gxf3 Kxf3 43. c5 g2# 0-1

[Event "Deutsche Ländermeisterschaft 2016"]
[Site "Hannover GER"]
[Date "2016.10.01"]
[Round "1"]
[White "Helmer, Jan"]
[Black "von Estorff, Jacob"]
[Result "1/2-1/2"]
[Termination "normal"]
[Board "6.5"]
[WhiteElo "1784"]
[BlackElo "1896"]
[WhiteTeam "Niedersachsen 2"]
[BlackTeam "Niedersachsen 1"]
[PlyCount "99"]
[WhiteFideId "12956686"]
[BlackFideId "12974501"]
[EventCountry "GER"]
[EventRounds "7"]
[EventType "team-swiss"]
[EventDate "2016.09.30"]

1. d4 d5 2. c4 e6 3. Nc3 Nf6 4. Bg5 Be7 5. e3 O-O 6. Nf3 Nbd7 7. Rc1 c6 8. cxd5
exd5 9. Bd3 Re8 10. O-O h6 11. Bf4 Nh5 12. Nxd5 Nxf4 13. Nxf4 Nb6 14. Qb3 Bd6
15. Ne2 Be6 16. Qc2 Nd5 17. a3 Bg4 18. Ng3 h5 19. Ne4 Bxf3 20. gxf3 Bb8 21. f4
Qh4 22. Kh1 Nxf4 23. exf4 Bxf4 24. Ng3 Bxc1 25. Rxc1 Qxd4 26. Rg1 Kh8 27. f3
Qf6 28. Be4 g6 29. Qd2 Rxe4 30. fxe4 Rd8 31. Qe2 h4 32. Nf5 Kh7 33. Ne3 Rd4 34.
Ng4 Qf4 35. Rf1 Rxe4 36. Rxf4 Rxe2 37. Rxf7+ Kg8 38. Rxb7 h3 39. Nh6+ Kf8 40.
Rf7+ Ke8 41. Rf1 Rxb2 42. Re1+ Kf8 43. Rg1 Ra2 44. Rxg6 Ra1+ 45. Rg1 Rxa3 46.
Re1 a5 47. Kg1 Ra2 48. Nf5 a4 49. Nd4 a3 50. Nxc6 1/2-1/2

[Event "Deutsche Ländermeisterschaft 2016"]
[Site "Hannover GER"]
[Date "2016.10.01"]
[Round "1"]
[White "Evering, Sören"]
[Black "Möller, Hannah"]
[Result "1-0"]
[Termination "normal"]
[Board "6.6"]
[WhiteElo "1853"]
[BlackElo "1737"]
[WhiteTeam "Niedersachsen 1"]
[BlackTeam "Niedersachsen 2"]
[PlyCount "93"]
[WhiteFideId "12974650"]
[BlackFideId "1270514"]
[EventCountry "GER"]
[EventRounds "7"]
[EventType "team-swiss"]
[EventDate "2016.09.30"]

1. e4 c5 2. Nf3 d6 3. d4 cxd4 4. Nxd4 Nf6 5. Nc3 g6 6. Bc4 Bg7 7. Be3 Nc6 8. f3
Bd7 9. Qd2 Rc8 10. Bb3 Qa5 11. O-O-O Ne5 12. Qe2 a6 13. Bd2 Qc5 14. Be3 Qa5 15.
h3 b5 16. Nd5 Nxd5 17. exd5 O-O 18. g4 Nc4 19. Kb1 Rfe8 20. f4 Rc7 21. f5 g5
22. h4 f6 23. Ne6 Bxe6 24. dxe6 h6 25. Bd4 Ne5 26. hxg5 fxg5 27. Bxe5 dxe5 28.
Qe4 Qb6 29. f6 exf6 30. Qg6 Kf8 31. Rdf1 Ke7 32. Qxg7+ Kd8 33. Qxf6+ Kc8 34.
Qxh6 Qe3 35. Rf8 Rce7 36. Rxe8+ Rxe8 37. Qh7 Qd4 38. Qf7 Qd8 39. Qa7 Qd6 40. a3
Kd8 41. Qa8+ Ke7 42. Rh7+ Kf6 43. Rf7+ Kg6 44. Qxe8 Qd1+ 45. Ka2 Qxg4 46. Qg8+
Kh6 47. Rh7# 1-0

[Event "Deutsche Ländermeisterschaft 2016"]
[Site "Hannover GER"]
[Date "2016.10.01"]
[Round "1"]
[White "Reichelt, Lena"]
[Black "Meijerink, Inken"]
[Result "1-0"]
[Termination "normal"]
[Board "6.8"]
[WhiteElo "1450"]
[BlackElo "1427"]
[WhiteTeam "Niedersachsen 1"]
[BlackTeam "Niedersachsen 2"]
[PlyCount "109"]
[WhiteFideId "12981184"]
[BlackFideId "16225465"]
[EventCountry "GER"]
[EventRounds "7"]
[EventType "team-swiss"]
[EventDate "2016.09.30"]

1. d4 Nf6 2. Nf3 d5 3. e3 Nc6 4. c4 Bf5 5. Nc3 h6 6. Qb3 b6 7. cxd5 Na5 8. Qa4+
Bd7 9. Bb5 a6 10. Bxd7+ Nxd7 11. Ne5 g6 12. O-O Bg7 13. Nxd7 Qxd7 14. Qxd7+
Kxd7 15. b3 Rad8 16. Ba3 c5 17. Rfd1 Kc7 18. Rac1 Nb7 19. dxc5 bxc5 20. Ne4 Kb8
21. Nxc5 Nxc5 22. Bxc5 Rd7 23. Bd4 f6 24. Rc6 Rhd8 25. Rb6+ Kc8 26. Rc1+ Rc7
27. Rbc6 Rxc6 28. Rxc6+ Kb7 29. e4 Rc8 30. Rb6+ Kc7 31. Rxa6 Kd8 32. Rc6 Rxc6
33. dxc6 Kc7 34. Bc5 e6 35. Kf1 Kxc6 36. b4 f5 37. exf5 exf5 38. a4 Be5 39. h3
g5 40. Ke2 g4 41. hxg4 fxg4 42. g3 h5 43. Kd3 Bf6 44. Bd4 h4 45. gxh4 Bxh4 46.
Kc4 g3 47. fxg3 Bxg3 48. b5+ Kb7 49. a5 Bb8 50. a6+ Ka8 51. b6 Bf4 52. Kb5 Be5
53. b7+ Kb8 54. Bxe5+ Ka7 55. b8=Q# 1-0